Bleecker Street - Simon & Garfunkel - All Lyrics - Statistics

General Stats
  • This quiz has been taken 4 times
  • The average score is 43 of 90
Answer Stats
Answer % Correct
a
100%
a
100%
a
100%
a
100%
a
100%
a
100%
a
100%
Bleecker
100%
Bleecker
100%
Bleecker
100%
Bleecker
100%
Bleecker
100%
on
100%
on
100%
on
100%
Street
100%
Street
100%
Street
100%
Street
100%
Street
100%
I
75%
I
75%
it
75%
the
75%
the
75%
the
75%
the
75%
the
75%
to
75%
to
75%
alleys
50%
Bank
50%
bell
50%
Caanan
50%
church
50%
covers
50%
East
50%
heard
50%
in
50%
in
50%
it's
50%
like
50%
long
50%
men
50%
River
50%
road
50%
saw
50%
where
50%
chime
25%
dollars
25%
fills
25%
Fog's
25%
from
25%
from
25%
hand
25%
hides
25%
is
25%
melody
25%
off
25%
pays
25%
rent
25%
rollin'
25%
shadow
25%
shadow's
25%
sheep
25%
shepherd
25%
shroud
25%
sleep
25%
softly
25%
sustainin'
25%
thirty
25%
touch
25%
your
25%
café
0%
crooked
0%
faces
0%
his
0%
his
0%
holy
0%
holy
0%
leaking
0%
poet
0%
reads
0%
rhyme
0%
sacrament
0%
sad
0%
smiling
0%
try
0%
understand
0%
voices
0%
No matching quizzes found
Score Distribution
Percent of People with Each Score
Percentile by Number Answered
Your Score History
You have not taken this quiz